[Event "Madurai Athens of the East op-B U1600"]
[Site "Madurai"]
[Date "2023.12.29"]
[Round "8"]
[White "Yogesh, Solanki"]
[Black "Rishi, R1."]
[Result "0-1"]
[WhiteElo "1467"]
[BlackElo "1417"]
[PlyCount "58"]
[EventDate "2023.12.27"]
[EventType "swiss"]
[EventRounds "9"]
[EventCountry "IND"]
[SourceTitle "CBM 218 Extra"]
[Source "ChessBase"]
[SourceDate "2024.03.31"]
[SourceVersion "1"]
[SourceVersionDate "2024.03.31"]
[SourceQuality "1"]

1. d4 Nf6 2. Nc3 d5 3. Bf4 c6 4. e3 g6 5. Nf3 Bg7 6. Be2 0-0 7. h3 Nbd7 8. 0-0 Re8 9. Bh2 Nf8 10. b4 Ne4 11. Nxe4 dxe4 12. Nd2 e5 13. c3 exd4 14. cxd4 Qg5 15. Bf4 Qe7 16. Rb1 Ne6 17. Bg3 Nc7 18. Bxc7 Qxc7 19. Qc2 Qe7 20. Rfc1 Bf5 21. Nf1 Be6 22. Bc4 Bd5 23. Bxd5 cxd5 24. Qc7 Bf8 25. Qa5 Qe6 26. Ng3 b6 27. Qa4 Rec8 28. b5 Qd7 29. Qb3 Qe6 0-1